000 00358 a2200133 4500
082 _a297.1224 ABU
090 _c3448
_d3448
100 _aAbul-Fadl, Mirza
245 _aSayings of Muhammad (P.B.U.H)
_cAbul-Fadl, Mirza
260 _aIslamabad:
_bDawah Academy,
_c1992.
300 _axxvi, 247 p. ;
_c 24 cm
650 _aHadith--Texts
942 _cBK
_k297.1224 ABU
999 _c7359
_d7359